| Поле | Инд. | ПП | Название | Значение |
|---|---|---|---|---|
| Тип записи | a | |||
| Библиографический уровень | m | |||
| 001 | Контрольный номер | RU/IS/BASE/354883200 | ||
| 005 | Дата корректировки | 20230712124954.7 | ||
| 040 | b | Код языка каталог. | rus | |
| 041 | 0_ | a | Код языка текста | rus |
| 080 | a | Индекс УДК | 004.42(076.5) | |
| 084 | a | Индекс другой классификации/Индекс ББК | 32.973.26-018.2я73 | |
| 090 | a | Полочн. индекс | 681.3 | |
| x | Авторский знак | О-80 | ||
| 097 | b | Оператор | 02 | |
| 100 | 1_ | a | Автор | Отвагин А. В. |
| 245 | 10 | a | Заглавие | Объектно-ориентированное проектирование и программирование |
| b | Продолж. заглавия | лабораторный практикум для студентов спец. 1-40 02 01 "Вычислительные машины, системы и сети" | ||
| h | Физич. носитель | + электр. вариант | ||
| 260 | a | Место издания | Минск | |
| b | Издательство | БГУИР | ||
| c | Дата издания | 2011 | ||
| 300 | a | Объем | 44 с. | |
| b | Иллюстрации/ тип воспроизводства | ил. | ||
| 440 | _0 | a | Серия | Кафедра электронных вычислительных машин |
| 510 | 0_ | a | Примечание о ссылках | Книги и методические пособия |
| 650 | 04 | a | Основная рубрика | 50.05 Теоретические основы программирования |
| x | Основная подрубрика | 50.05.17 Теоретические основы системного программного обеспечения | ||
| 653 | 0_ | a | Ключевые слова | объектно-ориентированное программирование |
| 700 | 12 | a | Другие авторы | Павлёнок Н. А. |
| 856 | 40 | u | URL | https://libeldoc.bsuir.by/bitstream/123456789/1345/2/Otvagin_ob.pdf |
| 901 | t | Тип документа | m |